The Hunger Games #1 [CD/sound recording] / Suzanne ... Read More
Available copies
- 3 of 3 copies available at LARL/NWRL Consortium. (Show)
- 0 of 0 copies available at Lake Agassiz Regional Library.
Current holds
0 current holds with 3 total copies.
Show All Copies
| Location | Call Number / Copy Notes | Barcode | Shelving Location | Status | Due Date |
|---|---|---|---|---|---|
Record details
- ISBN: 9780545091022
- ISBN: 0545091020
- Physical Description: 9 sound discs (11 hr., 15 min.) : digital ; 4 3/4 ... Read More
- Edition: Unabridged.
- Publisher: New York : Scholastic Audiobooks ; p2008.
Content descriptions
| General Note: | Title from container. In container (17 cm.). Compact disc. |
| Participant or Performer Note: | Read by Carolyn McCormick. |
| Summary, etc.: | In a future North America, where the rulers of ... Read More |
Search for related items by subject
| Genre: | Children's audiobooks. |
Search for related items by series
| LDR | 03002cim a2200601Ma 4500 | ||
|---|---|---|---|
| 001 | 119862 | ||
| 003 | LARL_NWRL_CONSORTIUM | ||
| 005 | 20100811115258.0 | ||
| 007 | sd fungnnmmned | ||
| 008 | 091104s2008 nyunnn d f n eng d | ||
| 020 | . | ‡a9780545091022 | |
| 020 | . | ‡a0545091020 | |
| 028 | 0 | 1. | ‡aDB061 ‡bRecorded Books |
| 035 | . | ‡a(OCoLC)466339374 | |
| 082 | 0 | 4. | ‡a[Fic] ‡222 |
| 100 | 1 | . | ‡aCollins, Suzanne. ‡0(LARL_NWRL_CONSORTIUM)110456 |
| 245 | 1 | 4. | ‡aThe Hunger Games ‡n#1 ‡h[CD/sound recording] / ‡cSuzanne Collins. |
| 250 | . | ‡aUnabridged. | |
| 260 | . | ‡aNew York : ‡bScholastic Audiobooks ; ‡aPrince Frederick, MD : ‡bDistributed by Recorded Books, ‡cp2008. | |
| 300 | . | ‡a9 sound discs (11 hr., 15 min.) : ‡bdigital ; ‡c4 3/4 in. | |
| 490 | 0 | . | ‡aHunger games; ‡v1 |
| 500 | . | ‡aTitle from container. | |
| 511 | 0 | . | ‡aRead by Carolyn McCormick. |
| 500 | . | ‡aIn container (17 cm.). | |
| 500 | . | ‡aCompact disc. | |
| 520 | . | ‡aIn a future North America, where the rulers of Panem maintain control through an annual televised survival competition pitting young people from each of the twelve districts against one another, sixteen-year-old Katniss's skills are put to the test when she voluntarily takes her younger sister's place. | |
| 650 | 1. | ‡aSurvival ‡vFiction. | |
| 650 | 1. | ‡aTelevision programs ‡vFiction. ‡0(LARL_NWRL_CONSORTIUM)175493 | |
| 650 | 1. | ‡aInterpersonal relations ‡vFiction. ‡0(LARL_NWRL_CONSORTIUM)165331 | |
| 650 | 1. | ‡aContests ‡vFiction. | |
| 650 | 1. | ‡aScience fiction. ‡0(LARL_NWRL_CONSORTIUM)30394 | |
| 655 | 0. | ‡aChildren's audiobooks. ‡0(LARL_NWRL_CONSORTIUM)175844 | |
| 650 | 0. | ‡aSurvival ‡vYoung adult fiction. | |
| 650 | 0. | ‡aTelevision programs ‡vYoung adult fiction. | |
| 650 | 0. | ‡aInterpersonal relations ‡vYoung adult fiction. | |
| 650 | 0. | ‡aContests ‡vYoung adult fiction. | |
| 650 | 0. | ‡aCompact disc books. | |
| 650 | 0. | ‡aCompact discs ‡vYoung adult fiction. | |
| 700 | 1 | . | ‡aMcCormick, Carolyn. ‡4nrt ‡0(LARL_NWRL_CONSORTIUM)149810 |
| 901 | . | ‡a119862 ‡bOCLC ‡c119862 ‡tbiblio | |

Add to basket
Permalink
Disable Highlighting